[Event "SV Mülheim-Nord 2 - SG Porz 2"]
[Site "Oberliga NRW 2012/2013"]
[Date "2013.04.28"]
[Round "9.6"]
[White "Wittenberg, Andreas"]
[Black "Pauly, Carlo"]
[Result "1-0"]
[WhiteElo "2107"]
[BlackElo "2093"]
[PlyCount "81"]
[EventDate "2013.??.??"]
[WhiteTeam "SV Mülheim-Nord 2"]
[BlackTeam "SG Porz 2"]

1. d4 Nf6 2. Nf3 c5 3. c4 cxd4 4. Nxd4 e5 5. Nc2 Nc6 6. Nc3 d6 7. g3 Be7 8. Bg2
a6 9. O-O Bd7 10. b3 O-O 11. Ba3 Qb8 12. Qd3 b5 13. Rfd1 bxc4 14. Qxc4 Qb6 15.
Ne3 Rac8 16. Ncd5 Nxd5 17. Nxd5 Qa7 18. Qd3 Bd8 19. Bxd6 Re8 20. Rac1 Nd4 21.
Rxc8 Bxc8 22. e3 Bf5 23. Be4 Bxe4 24. Qxe4 f5 25. Qd3 Nf3+ 26. Kg2 Qf7 27. e4
fxe4 28. Qxe4 Ng5 29. Qe3 Qe6 30. h4 Qh3+ 31. Kg1 Qg4 32. Rd3 Ne4 33. Nc7 Bxc7
34. Bxc7 Nxf2 35. Qxf2 Rf8 36. Qd2 h6 37. Bxe5 g5 38. hxg5 hxg5 39. Rd8 Qf5 40.
Rxf8+ Kxf8 41. Qf2 1-0

[Event "SV Mülheim-Nord 2 - SG Porz 2"]
[Site "Oberliga NRW 2012/2013"]
[Date "2013.04.28"]
[Round "9.7"]
[White "Thiemonds, Uli"]
[Black "Winkels, Marcel"]
[Result "1/2-1/2"]
[WhiteElo "2064"]
[BlackElo "1948"]
[Annotator "Doe,John"]
[PlyCount "88"]
[EventDate "2013.??.??"]
[WhiteTeam "SG Porz 2"]
[BlackTeam "SV Mülheim-Nord 2"]

1. e4 c5 2. c3 d5 3. exd5 Qxd5 4. d4 g6 5. Nf3 Bg7 6. Be3 cxd4 7. Bxd4 Nf6 8.
Nbd2 O-O 9. Bc4 Qd8 10. O-O Nc6 11. Bc5 Bg4 12. h3 Bxf3 13. Nxf3 Qxd1 14. Raxd1
Rfd8 15. Bb5 Ne4 16. Ba3 Bf6 17. Bxc6 bxc6 18. Rfe1 Nd6 $11 19. Rd3 Kf8 20.
Red1 Nb7 21. Kf1 Rxd3 22. Rxd3 Rd8 23. Ke2 Rxd3 24. Kxd3 Ke8 25. Nd2 e6 26. Kc4
Kd7 27. Bb4 Bd8 28. Ne4 h5 29. f3 f5 30. Nd2 Bb6 31. Kd3 c5 32. Ba3 Kc6 33. Nc4
Kd5 34. Ne3+ Kc6 35. b3 Bc7 36. c4 Nd6 37. Bb2 Nf7 38. Bf6 Be5 39. Bxe5 Nxe5+
40. Ke2 Kd6 41. f4 Nc6 42. Nc2 e5 43. Ke3 Ke6 44. g3 Kd6 1/2-1/2

[Event "SV Mülheim-Nord 2 - SG Porz 2"]
[Site "Oberliga NRW 2012/2013"]
[Date "2013.04.28"]
[Round "9.8"]
[White "Krueger, Andre"]
[Black "Mass, Elvira"]
[Result "1/2-1/2"]
[WhiteElo "2053"]
[BlackElo "1959"]
[PlyCount "62"]
[EventDate "2013.??.??"]
[WhiteTeam "SV Mülheim-Nord 2"]
[BlackTeam "SG Porz 2"]

1. d4 d5 2. c4 e6 3. Nf3 Be7 4. g3 Nf6 5. Bg2 O-O 6. O-O c6 7. Nbd2 Nbd7 8. Qc2
b6 9. e4 dxe4 10. Nxe4 Bb7 11. Rd1 Nxe4 12. Qxe4 Nf6 13. Qe2 Qc7 14. Bf4 Bd6
15. Ne5 Nd7 16. c5 Bxe5 17. Bxe5 Nxe5 18. dxe5 bxc5 19. Rdc1 Qb6 20. Qe3 Rab8
21. b3 c4 22. Rxc4 Qxe3 23. fxe3 Rfd8 24. Rac1 g6 25. Bxc6 Bxc6 26. Rxc6 Rb5
27. Rc8 Rxc8 28. Rxc8+ Kg7 29. Ra8 a5 30. Kf2 Rxe5 31. Ra7 h5 1/2-1/2

[Event "SV Wattenscheid 2 - Klub Kölner SF 1"]
[Site "Oberliga NRW 2012/2013"]
[Date "2013.04.28"]
[Round "9.1"]
[White "Tugui, Adrian"]
[Black "Henrichs, Thomas"]
[Result "1-0"]
[WhiteElo "2354"]
[BlackElo "2425"]
[PlyCount "63"]
[EventDate "2013.??.??"]
[WhiteTeam "Klub Kölner SF 1"]
[BlackTeam "SV Wattenscheid 2"]

1. d4 g6 2. e4 Bg7 3. c4 d6 4. Nc3 Nf6 5. f3 O-O 6. Be3 c5 7. d5 a6 8. a4 e6 9.
Nge2 exd5 10. cxd5 Nbd7 11. Ng3 Ne5 12. Be2 Bd7 13. f4 Nfg4 14. Nf1 Nxe3 15.
Nxe3 Bh6 16. O-O Qb6 17. a5 Qxb2 18. Qe1 c4 19. Bxc4 Rac8 20. Rb1 Qa3 21. fxe5
Bxe3+ 22. Qxe3 Rxc4 23. Rf3 dxe5 24. Rxb7 Bg4 25. Rg3 Rfc8 26. h3 Rxc3 27. Qf2
Qc1+ 28. Kh2 R3c7 29. Rxc7 Rxc7 30. Rxg4 Rc2 31. Qf6 Qa1 32. Rf4 1-0

[Event "SV Wattenscheid 2 - Klub Kölner SF 1"]
[Site "Oberliga NRW 2012/2013"]
[Date "2013.04.28"]
[Round "9.2"]
[White "Mladenov, Svetlin"]
[Black "Morawietz, Dieter"]
[Result "1-0"]
[WhiteElo "2405"]
[BlackElo "2332"]
[PlyCount "77"]
[EventDate "2013.??.??"]
[WhiteTeam "SV Wattenscheid 2"]
[BlackTeam "Klub Kölner SF 1"]

1. e4 e6 2. d4 d5 3. Nd2 Be7 4. Bd3 c5 5. dxc5 Nf6 6. Qe2 O-O 7. Ngf3 a5 8. O-O
Na6 9. e5 Nd7 10. c4 Ndxc5 11. Bb1 Bd7 12. Rd1 Qc7 13. Nb3 dxc4 14. Bg5 Ba4 15.
Qxc4 Bxg5 16. Bxh7+ Kxh7 17. Nxg5+ Kg6 18. Qg4 f5 19. exf6 Kxf6 20. Nxc5 Nxc5
21. Rdc1 b6 22. Nh7+ Kf7 23. Nxf8 Rxf8 24. Qxa4 Kg8 25. Qd4 Rf4 26. Qe3 Qf7 27.
Rd1 Qf6 28. Rd2 Re4 29. Qg3 e5 30. Rad1 Kh7 31. f3 Rd4 32. Qf2 Rf4 33. Rd6 Qf7
34. Qc2+ e4 35. Rxb6 Nd3 36. Rxd3 exd3 37. Qxd3+ g6 38. Rd6 Qxa2 39. Qxg6+ 1-0

[Event "SV Wattenscheid 2 - Klub Kölner SF 1"]
[Site "Oberliga NRW 2012/2013"]
[Date "2013.04.28"]
[Round "9.3"]
[White "Eichhorn, Andreas"]
[Black "Tereick, Benjamin"]
[Result "0-1"]
[WhiteElo "2289"]
[BlackElo "2384"]
[PlyCount "70"]
[EventDate "2013.??.??"]
[WhiteTeam "Klub Kölner SF 1"]
[BlackTeam "SV Wattenscheid 2"]

1. g3 c5 2. c4 Nc6 3. Bg2 g6 4. Nc3 Bg7 5. Nf3 d6 6. O-O e6 7. d3 Nge7 8. Bg5
h6 9. Bd2 b6 10. Qc1 Bb7 11. a3 Qd7 12. Rb1 g5 13. b4 Ng6 14. h3 f5 15. Qd1 O-O
16. bxc5 dxc5 17. a4 Rad8 18. Nb5 e5 19. Be3 f4 20. Bd2 e4 21. dxe4 fxg3 22.
fxg3 Rxf3 23. Bxf3 Qxd2 24. Qxd2 Rxd2 25. Nxa7 Bd4+ 26. Kh1 Nb4 27. Nb5 Bc6 28.
Na7 Bxa4 29. Nc8 Bd7 30. Bg4 Bxg4 31. hxg4 Rxe2 32. Rbe1 Ra2 33. e5 Nd3 34. e6
Nxe1 35. e7 Re2 0-1

[Event "SV Wattenscheid 2 - Klub Kölner SF 1"]
[Site "Oberliga NRW 2012/2013"]
[Date "2013.04.28"]
[Round "9.4"]
[White "Souleidis, Georgios"]
[Black "Helbig, Mark"]
[Result "1/2-1/2"]
[WhiteElo "2369"]
[BlackElo "2256"]
[PlyCount "70"]
[EventDate "2013.??.??"]
[WhiteTeam "SV Wattenscheid 2"]
[BlackTeam "Klub Kölner SF 1"]

1. e4 c6 2. d4 d5 3. e5 Bf5 4. h4 h5 5. c4 e6 6. Nc3 Ne7 7. Nge2 dxc4 8. Ng3
Bg6 9. Bxc4 Nf5 10. Nxf5 Bxf5 11. Bg5 Be7 12. Qd2 Nd7 13. O-O Bxg5 14. Qxg5
Qxg5 15. hxg5 Nb6 16. Be2 O-O-O 17. Rfd1 Rd7 18. Rac1 Kb8 19. b4 a6 20. Rd2 Bg6
21. f3 Rhd8 22. Rcd1 Nd5 23. Nxd5 cxd5 24. Rc1 Rc8 25. Rc5 Rdc7 26. Rd1 b6 27.
Rxc7 Rxc7 28. Bxa6 Ra7 29. b5 Rc7 30. Kf2 Rc2+ 31. Kg3 Rxa2 32. Rc1 Rc2 33.
Rxc2 Bxc2 34. Kh4 Bg6 35. Kg3 Kc7 1/2-1/2

[Event "SV Wattenscheid 2 - Klub Kölner SF 1"]
[Site "Oberliga NRW 2012/2013"]
[Date "2013.04.28"]
[Round "9.5"]
[White "Raasch, Joerg"]
[Black "Franke, Johannes"]
[Result "0-1"]
[WhiteElo "2238"]
[BlackElo "2309"]
[PlyCount "76"]
[EventDate "2013.??.??"]
[WhiteTeam "Klub Kölner SF 1"]
[BlackTeam "SV Wattenscheid 2"]

1. d4 c5 2. c3 d5 3. dxc5 e5 4. b4 Nc6 5. e3 Nf6 6. Bb5 Be7 7. Nf3 e4 8. Nd4
Qc7 9. Bb2 O-O 10. Nxc6 bxc6 11. Be2 Qe5 12. O-O Bd8 13. Qd4 Qg5 14. Nd2 Bh3
15. g3 Bxf1 16. Bxf1 Ng4 17. Nb3 Qh5 18. h3 Ne5 19. Qd1 Qg6 20. Be2 Bc7 21. Nd4
f5 22. a4 Rad8 23. Bc1 Qh6 24. h4 Rf6 25. Rb1 g5 26. hxg5 Qxg5 27. b5 cxb5 28.
axb5 h5 29. Kf1 h4 30. gxh4 Qxh4 31. Ke1 Ba5 32. Rb3 f4 33. exf4 Nc4 34. Bxc4
dxc4 35. Ra3 Rg6 36. Kf1 Qh1+ 37. Ke2 Qh5+ 38. Kd2 Rxd4+ 0-1

[Event "SV Wattenscheid 2 - Klub Kölner SF 1"]
[Site "Oberliga NRW 2012/2013"]
[Date "2013.04.28"]
[Round "9.6"]
[White "Hirsch, Stefan"]
[Black "Huhndorf, Arnold"]
[Result "1/2-1/2"]
[WhiteElo "2181"]
[BlackElo "2257"]
[PlyCount "88"]
[EventDate "2013.??.??"]
[WhiteTeam "SV Wattenscheid 2"]
[BlackTeam "Klub Kölner SF 1"]

1. e4 c5 2. Nf3 e6 3. d4 cxd4 4. Nxd4 Nc6 5. Nc3 Qc7 6. g3 a6 7. Bg2 Nf6 8. O-O
Be7 9. Nb3 O-O 10. Qe2 d6 11. Be3 b5 12. Rad1 Rb8 13. f4 Re8 14. g4 b4 15. Nb1
d5 16. e5 Ne4 17. c4 bxc3 18. Bxe4 dxe4 19. Nxc3 Nb4 20. Nxe4 Nxa2 21. Nbc5
Bxc5 22. Nxc5 Bb7 23. Rd6 Red8 24. Rfd1 Rxd6 25. exd6 Qc6 26. Nxb7 Qxb7 27. d7
Rd8 28. Qg2 Qb3 29. Qd2 h6 30. Bc5 Qf3 31. Be7 Qxg4+ 32. Kf2 Rxd7 33. Qxd7
Qxf4+ 34. Ke2 Qxh2+ 35. Kd3 Qxb2 36. Qc8+ Kh7 37. Qc2 Nb4+ 38. Bxb4 Qxb4 39.
Rb1 Qf4 40. Ke2+ f5 41. Qc6 Qg4+ 42. Kf2 Qd4+ 43. Ke2 e5 44. Rb6 Qg4+ 1/2-1/2

[Event "SV Wattenscheid 2 - Klub Kölner SF 1"]
[Site "Oberliga NRW 2012/2013"]
[Date "2013.04.28"]
[Round "9.7"]
[White "Bonnmann, Reinhard"]
[Black "Schwebel, Markus"]
[Result "1-0"]
[WhiteElo "2210"]
[BlackElo "2049"]
[PlyCount "119"]
[EventDate "2013.??.??"]
[WhiteTeam "Klub Kölner SF 1"]
[BlackTeam "SV Wattenscheid 2"]

1. d4 Nf6 2. Nf3 g6 3. c4 Bg7 4. Nc3 d5 5. cxd5 Nxd5 6. Qb3 Nxc3 7. bxc3 c5 8.
e3 O-O 9. Ba3 cxd4 10. cxd4 Nc6 11. Be2 Qa5+ 12. Nd2 Bf5 13. Rc1 Rfc8 14. Rc5
Qd8 15. O-O e5 16. Bc4 exd4 17. Bxf7+ Kh8 18. e4 Bd7 19. Bd5 b6 20. Rcc1 Na5
21. Qd3 Rxc1 22. Rxc1 Rc8 23. Rxc8 Qxc8 24. Bb2 Qc5 25. h4 Nc6 26. Nb3 Qb4 27.
a3 Qe1+ 28. Qf1 Qxf1+ 29. Kxf1 d3 30. Bxg7+ Kxg7 31. Ke1 Kf6 32. Kd2 Ke5 33. g3
Ne7 34. f4+ Kd6 35. Bc4 a5 36. Bxd3 a4 37. Na1 Kc5 38. Kc3 Nc6 39. Nc2 Na5 40.
Be2 Bc6 41. e5 Bd5 42. h5 gxh5 43. Bxh5 Be4 44. Ne3 Nc6 45. e6 b5 46. f5 Kd6
47. Be8 Ke5 48. Bxc6 Bxc6 49. g4 h6 50. Kb4 Kd6 51. Ka5 Be8 52. Nc2 Ke5 53. Nd4
h5 54. gxh5 Bxh5 55. Kxb5 Bg4 56. Kc5 Bh5 57. Kc6 Be8+ 58. Kc7 Kxd4 59. f6 Ke5
60. f7 1-0

[Event "SV Wattenscheid 2 - Klub Kölner SF 1"]
[Site "Oberliga NRW 2012/2013"]
[Date "2013.04.28"]
[Round "9.8"]
[White "Thelen, Thomas"]
[Black "Wisskirchen, Andreas"]
[Result "0-1"]
[WhiteElo "2066"]
[BlackElo "2188"]
[PlyCount "66"]
[EventDate "2013.??.??"]
[WhiteTeam "SV Wattenscheid 2"]
[BlackTeam "Klub Kölner SF 1"]

1. d4 Nf6 2. c4 g6 3. Nc3 Bg7 4. e4 d6 5. f3 O-O 6. Bg5 c5 7. d5 e6 8. Qd2 exd5
9. Nxd5 Be6 10. Bxf6 Bxf6 11. Nxf6+ Qxf6 12. Bd3 Nc6 13. Ne2 Ne5 14. Rc1 Nxd3+
15. Qxd3 Qxb2 16. O-O Qxa2 17. f4 f5 18. exf5 Bxf5 19. Qd5+ Kh8 20. Nc3 Qa6 21.
Rce1 Qc6 22. Qd2 Qd7 23. Nd5 Qg7 24. Re7 Rf7 25. Rxf7 Qxf7 26. Re1 Qg7 27. Re7
Qa1+ 28. Re1 Qd4+ 29. Qxd4+ cxd4 30. Re7 Rf8 31. h3 Bd3 32. g4 Bxc4 33. Nc7 d3
0-1

[Event "SC Hansa Dortmund 2 - Düsseldorfer SK 1"]
[Site "Oberliga NRW 2012/2013"]
[Date "2013.04.28"]
[Round "9.1"]
[White "Stark, Lars"]
[Black "Rumpf, Thomas"]
[Result "1-0"]
[WhiteElo "2417"]
[BlackElo "2095"]
[PlyCount "109"]
[EventDate "2013.??.??"]
[WhiteTeam "Düsseldorfer SK 1"]
[BlackTeam "SC Hansa Dortmund 2"]

1. c4 e5 2. g3 Nf6 3. Bg2 c6 4. d4 exd4 5. Qxd4 d5 6. Nf3 dxc4 7. Qxc4 Be7 8.
O-O O-O 9. Qc2 Na6 10. a3 Qa5 11. Bd2 Qh5 12. Nc3 Nc5 13. Rfe1 Bh3 14. Nh4 Bxg2
15. Kxg2 Rfd8 16. Rad1 Ne6 17. Nf5 Bf8 18. h3 Nd4 19. Nxd4 Rxd4 20. Be3 Rxd1
21. Rxd1 Bc5 22. Qd3 Re8 23. Bxc5 Qxc5 24. e4 h6 25. f4 Qe7 26. e5 Nh7 27. Ne4
Nf8 28. Nd6 Rb8 29. Qe3 b6 30. Qf3 c5 31. Nf5 Qb7 32. Qxb7 Rxb7 33. Nd6 Re7 34.
Kf3 Ne6 35. Ke4 Rd7 36. Rd5 Nc7 37. Rd3 h5 38. Nc8 Rxd3 39. Kxd3 h4 40. gxh4
Kh7 41. Nxa7 Kg6 42. Ke4 f5+ 43. exf6 gxf6 44. a4 c4 45. Nc8 b5 46. Ne7+ Kf7
47. Nd5 bxa4 48. Nxc7 c3 49. Kd3 cxb2 50. Kc2 a3 51. Nd5 Kg6 52. Ne3 Kh5 53.
Nf5 Kg6 54. Ng3 Kh6 55. h5 1-0

[Event "SC Hansa Dortmund 2 - Düsseldorfer SK 1"]
[Site "Oberliga NRW 2012/2013"]
[Date "2013.04.28"]
[Round "9.2"]
[White "Sundorf, Jannik"]
[Black "Schuh, Dirk"]
[Result "1-0"]
[WhiteElo "2126"]
[BlackElo "2362"]
[PlyCount "79"]
[EventDate "2013.??.??"]
[WhiteTeam "SC Hansa Dortmund 2"]
[BlackTeam "Düsseldorfer SK 1"]

1. d4 d5 2. Nf3 Nf6 3. c4 c6 4. Qc2 dxc4 5. Qxc4 Bf5 6. g3 e6 7. Bg2 Be7 8. O-O
Nbd7 9. Nc3 Ne4 10. Rd1 Nb6 11. Qb3 Nxc3 12. bxc3 Be4 13. Ne5 Bxg2 14. Kxg2 f6
15. Nd3 Qd5+ 16. f3 Kf7 17. e4 Qc4 18. Rb1 Qxb3 19. axb3 h5 20. Ra1 Nd7 21. Ba3
g5 22. Bxe7 Kxe7 23. h4 a6 24. Kf2 gxh4 25. gxh4 e5 26. Rg1 Rag8 27. b4 Ke6 28.
f4 exd4 29. f5+ Kf7 30. cxd4 Re8 31. Kf3 Re7 32. Ra2 Ke8 33. Rag2 b6 34. Nf4
Nf8 35. Ra1 Ra7 36. Rc2 Kd7 37. d5 cxd5 38. Nxd5 Nh7 39. Nxb6+ Ke7 40. Nc8+ 1-0

[Event "SC Hansa Dortmund 2 - Düsseldorfer SK 1"]
[Site "Oberliga NRW 2012/2013"]
[Date "2013.04.28"]
[Round "9.3"]
[White "de Gleria, Francesco"]
[Black "Rempel, Eugen"]
[Result "1-0"]
[WhiteElo "2335"]
[BlackElo "2119"]
[PlyCount "69"]
[EventDate "2013.??.??"]
[WhiteTeam "Düsseldorfer SK 1"]
[BlackTeam "SC Hansa Dortmund 2"]

1. Nf3 d5 2. g3 Nf6 3. Bg2 g6 4. b3 Bg7 5. Bb2 O-O 6. O-O b5 7. d3 Bb7 8. Nbd2
Nbd7 9. Ne5 Nc5 10. e3 h5 11. Qe2 a6 12. f4 Ng4 13. d4 Bxe5 14. dxe5 Qd7 15. f5
e6 16. f6 b4 17. Rf4 Qb5 18. Re1 Qxe2 19. Rxe2 a5 20. a3 Nd7 21. Nf3 c5 22. h3
Nh6 23. g4 hxg4 24. hxg4 Rfc8 25. Bf1 d4 26. exd4 cxd4 27. g5 bxa3 28. Bxa3
Bxf3 29. Rxf3 Ng4 30. Rf4 Ne3 31. Rxd4 Nxc2 32. Rh4 Nxe5 33. Bg2 Ra7 34. Rxe5
Nxa3 35. Re3 1-0

[Event "SC Hansa Dortmund 2 - Düsseldorfer SK 1"]
[Site "Oberliga NRW 2012/2013"]
[Date "2013.04.28"]
[Round "9.4"]
[White "Schiefelbusch, Dirk"]
[Black "Gazic, Josip"]
[Result "0-1"]
[WhiteElo "2020"]
[BlackElo "2247"]
[PlyCount "94"]
[EventDate "2013.??.??"]
[WhiteTeam "SC Hansa Dortmund 2"]
[BlackTeam "Düsseldorfer SK 1"]

1. b4 Nf6 2. Bb2 d5 3. e3 Nbd7 4. Nf3 e6 5. b5 c5 6. Be2 Be7 7. O-O O-O 8. a4
b6 9. c4 Bb7 10. d4 Rc8 11. Nbd2 cxd4 12. Nxd4 Bb4 13. Rc1 Nc5 14. N2f3 Nfe4
15. Ne5 Nd2 16. Ndc6 Bxc6 17. Nxc6 Rxc6 18. bxc6 Nxf1 19. Bxf1 dxc4 20. Qg4 c3
21. Bxc3 Bxc3 22. Rxc3 Qd5 23. a5 Qxc6 24. axb6 axb6 25. h4 h6 26. g3 Ra8 27.
Qb4 Ra2 28. Qc4 Rd2 29. Rc2 Rd1 30. Rc1 Rd8 31. Bg2 Qa4 32. Qc3 Qa2 33. Ra1 Qe2
34. Qe5 Qxf2+ 35. Kxf2 Nd3+ 36. Ke2 Nxe5 37. Ra7 g5 38. hxg5 hxg5 39. Rb7 Rd6
40. Be4 Kg7 41. Bc2 Kf6 42. Be4 Nd7 43. Bc2 Ke5 44. Bb1 f5 45. Ba2 g4 46. Bb1
Nf6 47. Bc2 Nh5 0-1

[Event "SC Hansa Dortmund 2 - Düsseldorfer SK 1"]
[Site "Oberliga NRW 2012/2013"]
[Date "2013.04.28"]
[Round "9.5"]
[White "Mueller, Michael"]
[Black "Linker, Walter"]
[Result "1/2-1/2"]
[WhiteElo "2151"]
[BlackElo "2036"]
[Annotator "Doe,John"]
[PlyCount "91"]
[EventDate "2013.??.??"]
[WhiteTeam "Düsseldorfer SK 1"]
[BlackTeam "SC Hansa Dortmund 2"]

1. e4 e5 2. Nf3 Nc6 3. Bc4 Be7 4. O-O Nf6 5. Re1 d6 6. h3 Be6 7. Bxe6 fxe6 8.
c3 O-O 9. d4 exd4 10. cxd4 Kh8 11. Nc3 Qd7 12. Be3 Nh5 13. d5 Nd8 14. Ne5 Qe8
15. Nd3 e5 16. Rc1 c6 17. g3 Qg6 $11 18. Qg4 Qxg4 19. hxg4 Nf6 20. f3 c5 21.
Kg2 a6 22. Rh1 g6 23. a4 b6 24. b4 Rb8 25. Rb1 Nb7 26. bxc5 bxc5 27. Rb6 Na5
28. Rxa6 Nc4 29. Bh6 Rfd8 30. Nb5 Ra8 31. Rxa8 Rxa8 32. Ra1 Nd7 33. Nc3 Kg8 34.
Bc1 Ndb6 35. Rb1 Kf7 36. Rb5 Nxa4 37. Nxa4 Rxa4 38. Rb7 Ra2+ 39. Kh3 Nd2 40.
Bxd2 Rxd2 41. Nb2 Rc2 $11 42. Na4 h6 43. Rc7 Ke8 44. Rc8+ Kf7 45. Rc7 Ke8 46.
Rc8+ 1/2-1/2

[Event "SC Hansa Dortmund 2 - Düsseldorfer SK 1"]
[Site "Oberliga NRW 2012/2013"]
[Date "2013.04.28"]
[Round "9.6"]
[White "Kloster, Josef"]
[Black "Luncescu, Christian"]
[Result "0-1"]
[WhiteElo "2028"]
[BlackElo "2163"]
[Annotator "Doe,John"]
[PlyCount "108"]
[EventDate "2013.??.??"]
[WhiteTeam "SC Hansa Dortmund 2"]
[BlackTeam "Düsseldorfer SK 1"]

1. e4 d5 2. exd5 Qxd5 3. Nc3 Qa5 4. d4 c6 5. Nf3 Nf6 6. Bd2 Bf5 7. Bc4 e6 8.
Qe2 Bb4 9. O-O-O Nbd7 10. d5 cxd5 11. Nxd5 Nxd5 12. Bxd5 Rc8 13. Bxb4 Qxb4 14.
Nd4 Bg6 15. Be4 $11 Bxe4 16. Qxe4 O-O 17. Rhe1 Nc5 18. Qe3 Rfd8 19. Nb3 Nd3+
20. Kb1 Nxe1 21. Rxe1 a5 22. c3 Qg4 23. f3 Qf5+ 24. Kc1 a4 25. Nd4 Qd5 26. Kb1
b5 27. a3 Qc4 28. f4 g6 29. f5 Re8 30. fxe6 fxe6 31. Qe5 Rc5 32. Qf6 e5 33. Nf3
Qf7 34. Qb6 Rd5 35. Ng5 Qd7 36. Ka2 Qd8 37. Qe3 Rd3 38. Qe4 Qd5+ 39. Qxd5+ Rxd5
40. Ne4 Rf8 41. Kb1 Kg7 42. Kc2 h6 43. Re2 Rf1 44. c4 bxc4 45. Kc3 Rd4 46. Kc2
Rdd1 47. Nc3 Rde1 48. Kd2 Rxe2+ 49. Kxe2 Rg1 50. Kf2 Rc1 51. Nxa4 Rc2+ 52. Kf3
Kf6 53. Nb6 Ke6 54. h3 c3 0-1

[Event "SC Hansa Dortmund 2 - Düsseldorfer SK 1"]
[Site "Oberliga NRW 2012/2013"]
[Date "2013.04.28"]
[Round "9.7"]
[White "Partenheimer, Axel"]
[Black "Goldbeck, Daniel Ernst"]
[Result "1-0"]
[WhiteElo "2124"]
[BlackElo "1416"]
[PlyCount "41"]
[EventDate "2013.??.??"]
[WhiteTeam "Düsseldorfer SK 1"]
[BlackTeam "SC Hansa Dortmund 2"]

1. Nf3 d5 2. c4 e6 3. g3 b6 4. Bg2 Bb7 5. d4 Nf6 6. O-O c5 7. cxd5 exd5 8. Nc3
Na6 9. Ne5 Nc7 10. Qa4+ Nd7 11. Be3 f6 12. Nxd7 Qxd7 13. dxc5 bxc5 14. Qxd7+
Kxd7 15. Rfd1 Ke6 16. Bf4 Bd6 17. Bxd6 Kxd6 18. Rac1 Rhe8 19. Ne4+ Kc6 20. Nxc5
Kb6 21. Na4+ 1-0

[Event "SV Erkenschwick 1 - PSV Duisburg 1"]
[Site "Oberliga NRW 2012/2013"]
[Date "2013.04.28"]
[Round "9.1"]
[White "Fleck, Juergen"]
[Black "Erwich, Marc"]
[Result "0-1"]
[WhiteElo "2339"]
[BlackElo "2346"]
[PlyCount "96"]
[EventDate "2013.??.??"]
[WhiteTeam "PSV Duisburg 1"]
[BlackTeam "SV Erkenschwick 1"]

1. e4 e5 2. Nf3 Nc6 3. Nc3 Bb4 4. Nd5 Nf6 5. Nxb4 Nxb4 6. c3 Nc6 7. d4 Nxe4 8.
d5 Ne7 9. Nxe5 Ng6 10. Qf3 Nxe5 11. Qxe4 O-O 12. Be2 d6 13. O-O Re8 14. Qd4 Qf6
15. Qf4 Qg6 16. Rd1 Bg4 17. f3 Bd7 18. Bf1 Re7 19. Qg5 f6 20. Qxg6 hxg6 21. Bd2
g5 22. c4 Bf5 23. Be1 a5 24. Rac1 b6 25. Bf2 Rae8 26. b3 g4 27. Rc3 gxf3 28.
gxf3 Kf7 29. a3 g5 30. b4 axb4 31. axb4 g4 32. fxg4 Bxg4 33. Rdc1 Nf3+ 34. Kg2
Ng5 35. c5 bxc5 36. bxc5 Bf5 37. Kg1 Be4 38. Bg2 Re5 39. cxd6 cxd6 40. h4 Bxg2
41. Kxg2 Ne4 42. Rc7+ Kg6 43. Be3 Rxd5 44. Rg1 Rd3 45. h5+ Kxh5 46. Rg7 Ng5 47.
Bxg5 fxg5 48. Kf2 Re5 0-1

[Event "SV Erkenschwick 1 - PSV Duisburg 1"]
[Site "Oberliga NRW 2012/2013"]
[Date "2013.04.28"]
[Round "9.2"]
[White "Willemze, Thomas"]
[Black "Wengenroth, Walter"]
[Result "1-0"]
[WhiteElo "2418"]
[BlackElo "2233"]
[PlyCount "83"]
[EventDate "2013.??.??"]
[WhiteTeam "SV Erkenschwick 1"]
[BlackTeam "PSV Duisburg 1"]

1. e4 c5 2. Nf3 e6 3. g3 d6 4. Bg2 Nf6 5. Nc3 Nc6 6. d4 cxd4 7. Nxd4 Bd7 8. O-O
Be7 9. Ndb5 Qb8 10. Bg5 a6 11. Bxf6 gxf6 12. Nd4 Nxd4 13. Qxd4 Qa7 14. Qd2 Qc5
15. Rad1 O-O 16. e5 Qxe5 17. Rfe1 Qg5 18. Nd5 Bd8 19. Ne3 Bc7 20. h4 Qg7 21.
Qc3 Bc6 22. Bxc6 bxc6 23. Qxc6 Rfc8 24. Qf3 f5 25. c3 Rab8 26. Rd4 d5 27. Nxf5
Qf6 28. Rxd5 Rxb2 29. Rc5 Rbb8 30. Qg4+ Kh8 31. Nd4 Bb6 32. Rh5 Rxc3 33. Qe4 h6
34. Rb1 Rxg3+ 35. Kh1 Rg6 36. Nf3 Rbg8 37. Rxb6 Qg7 38. Rb1 Rg2 39. Ng5 Rxf2
40. Qe3 Rf6 41. Qe5 Rc8 42. Rg1 1-0

[Event "SV Erkenschwick 1 - PSV Duisburg 1"]
[Site "Oberliga NRW 2012/2013"]
[Date "2013.04.28"]
[Round "9.3"]
[White "Kistella, Roman"]
[Black "Erwich, Frank"]
[Result "0-1"]
[WhiteElo "2253"]
[BlackElo "2340"]
[PlyCount "70"]
[EventDate "2013.??.??"]
[WhiteTeam "PSV Duisburg 1"]
[BlackTeam "SV Erkenschwick 1"]

1. d4 Nf6 2. c4 e6 3. Nf3 b6 4. g3 Bb7 5. Bg2 Be7 6. Nc3 Ne4 7. Bd2 f5 8. d5
Bf6 9. Qc2 Qe7 10. Rd1 Na6 11. a3 Nac5 12. Nb5 O-O 13. Be3 c6 14. d6 Qf7 15.
Nbd4 Nxd6 16. b4 Nce4 17. c5 bxc5 18. bxc5 Nb5 19. O-O Nbc3 20. Rd3 Nd5 21. Nd2
Nxe3 22. fxe3 Nxd2 23. Qxd2 Ba6 24. Rc3 g6 25. Rc2 e5 26. Nf3 e4 27. Nd4 h5 28.
Qa5 Bc4 29. Rfc1 Bd5 30. Rb2 f4 31. gxf4 Bxd4 32. exd4 Qxf4 33. Qe1 Qe3+ 34.
Kh1 Qxd4 35. e3 Qxb2 0-1

[Event "SV Erkenschwick 1 - PSV Duisburg 1"]
[Site "Oberliga NRW 2012/2013"]
[Date "2013.04.28"]
[Round "9.4"]
[White "Van Beek, Alexander"]
[Black "Schiffer, Kai-Uwe"]
[Result "1-0"]
[WhiteElo "2301"]
[BlackElo "2232"]
[PlyCount "29"]
[EventDate "2013.??.??"]
[WhiteTeam "SV Erkenschwick 1"]
[BlackTeam "PSV Duisburg 1"]

1. e4 e5 2. Nf3 Nc6 3. Bc4 Nf6 4. d3 Be7 5. O-O O-O 6. Re1 d6 7. a4 Kh8 8. a5
a6 9. h3 Ng8 10. Nc3 f5 11. Nd5 fxe4 12. dxe4 Nf6 13. Ng5 Nxd5 14. Nxh7 Nf6 15.
Nxf6 1-0

[Event "SV Erkenschwick 1 - PSV Duisburg 1"]
[Site "Oberliga NRW 2012/2013"]
[Date "2013.04.28"]
[Round "9.5"]
[White "Heisel, Guido"]
[Black "Homs, Guust"]
[Result "1/2-1/2"]
[WhiteElo "2161"]
[BlackElo "2156"]
[Annotator "Doe,John"]
[PlyCount "95"]
[EventDate "2013.??.??"]
[WhiteTeam "PSV Duisburg 1"]
[BlackTeam "SV Erkenschwick 1"]

1. d4 d5 2. Bf4 Nf6 3. e3 c5 4. c3 Qb6 5. Qb3 c4 6. Qc2 g6 7. Nd2 Bf5 8. Qc1 h6
9. h4 Nc6 10. Ngf3 Bg7 11. Ne5 Nxe5 12. Bxe5 O-O 13. Be2 Qc6 14. Bxf6 Bxf6 15.
g4 Bd7 16. f4 Bg7 17. Qc2 b5 18. Bf3 Rab8 19. a3 Rfc8 20. h5 g5 21. fxg5 hxg5
22. h6 Bf6 23. e4 dxe4 24. Nxe4 Qc7 25. O-O Rb6 26. d5 Qf4 27. Rae1 Bxg4 28.
Bh1 Qb8 $11 29. d6 Rxd6 30. Qg2 Qb6+ 31. Rf2 Bd7 32. Nxd6 Qxd6 33. Rd2 Qc5+ 34.
Qf2 Bf5 35. Rd5 Qxf2+ 36. Kxf2 e6 37. Rxb5 g4 38. Rd1 Bh4+ 39. Kg1 Bd3 40. Bg2
f5 41. Rb7 Kh8 42. Bf1 Be4 43. Rf7 Bg5 44. Rdd7 Be3+ 45. Kh2 Bf4+ 46. Kg1 Be3+
47. Kh2 Bf4+ 48. Kg1 1/2-1/2

[Event "SV Erkenschwick 1 - PSV Duisburg 1"]
[Site "Oberliga NRW 2012/2013"]
[Date "2013.04.28"]
[Round "9.6"]
[White "Krings, Christoph"]
[Black "Montignies, Rainer"]
[Result "1/2-1/2"]
[WhiteElo "2127"]
[BlackElo "2266"]
[PlyCount "32"]
[EventDate "2013.??.??"]
[WhiteTeam "SV Erkenschwick 1"]
[BlackTeam "PSV Duisburg 1"]

1. d4 e6 2. Nf3 c5 3. g3 Nf6 4. Bg2 cxd4 5. O-O d5 6. Nxd4 e5 7. Nb3 Be7 8. Bg5
e4 9. c4 dxc4 10. Qxd8+ Bxd8 11. N3d2 Be6 12. Nc3 Nbd7 13. Ndxe4 Nxe4 14. Nxe4
O-O 15. Bf4 Be7 16. Bd6 Rae8 1/2-1/2